000 00759nam a2200205 4500
001 109764
003 ES-MaACL
005 20250902232007.0
007 t|
008 061121s1963 sp r ||||1| spa d
110 2 _aInstitute of Petroleum (Londres)
_94783
245 1 0 _aModerna tecnología del petróleo
_b: descripción del estado actual de los conocimientos técnicos en esta industria /
_c[versión por Luis Mora Cartaya, Antonio García Padrón].
260 _aBarcelona :
_bReverté,
_c1963.
300 _a734 p. :
_bil. ;
_c22 cm.
650 1 7 _aIngeniería del petróleo
_2embne
_913773
700 1 _aMora Cartaya, Luis.
_982873
700 1 _aGarcía Padrón, Antonio.
_955074
852 _aES-MaACL
_jC-23622
_bR.52275
999 _c109764
_d109764